[Event "Druzynowe Mistrzostwa Polski Kobiet w Szachach Blyskawicznych"]
[Site "Szczawno-Zdroj"]
[Date "1899-12-30"]
[Round "5.2"]
[White "Korosciel, Aneta"]
[Black "Krzyzosiak, Marta"]
[Result "1-0"]
[WhiteTitle "m"]
[BlackTitle "I+"]
[WhiteElo "1852"]
[BlackElo "1432"]

1. e4 c5 2. Nf3 d6 3. Bb5+ Bd7 4. Bxd7+ Nxd7 5. O-O Ngf6 6. Re1 g6 7. c3 Bg7 8.
d4 cxd4 9. cxd4 O-O 10. Nc3 a6 11. a4 Rc8 12. h3 Qc7 13. Be3 e5 14. Rc1 Qa5 15.
Bd2 Qb6 16. dxe5 dxe5 17. Qc2 Nc5 18. Be3 Qb3 19. Qxb3 Nxb3 20. Rcd1 Rfd8 21.
Bb6 Rxd1 22. Rxd1 Nh5 23. g3 Bf6 24. Rd7 Ng7 25. Rxb7 Nc1 26. Nd5 Bd8 27. Bxd8
Rxd8 28. Nxe5 Ne2+ 29. Kg2 Nc1 30. Nf6+ Kh8 31. Nxf7# 1-0

[Event "Druzynowe Mistrzostwa Polski Kobiet w Szachach Blyskawicznych"]
[Site "Szczawno-Zdroj"]
[Date "1899-12-30"]
[Round "5.4"]
[White "Zdziarska-zareba, Lidia"]
[Black "Plichta, Olga"]
[Result "1-0"]
[WhiteTitle "k+"]
[BlackTitle "II"]
[WhiteElo "1745"]
[BlackElo "1302"]

1. e4 c6 2. d4 d5 3. exd5 cxd5 4. Bd3 Nf6 5. c3 Nc6 6. Bf4 Bg4 7. Nf3 e6 8. O-O
Bd6 9. Bg5 O-O 10. Nbd2 e5 11. Be2 Bxf3 12. Nxf3 e4 13. Nd2 h6 14. Bh4 Qc7 15.
Bg3 Bxg3 16. hxg3 a6 17. Re1 b5 18. Nf1 Ne7 19. Ne3 Qd7 20. Qb3 Rac8 21. a4 bxa4
22. Rxa4 Rb8 23. Qa3 Qb7 24. Rb1 Nc6 25. Rxa6 Ra8 26. Rxa8 Rxa8 27. Qc5 Ra5 28.
Qd6 Ne8 29. Qf4 g5 30. Qg4 Ra2 31. b4 Ra3 32. Qh5 Ra8 1-0

[Event "Druzynowe Mistrzostwa Polski Kobiet w Szachach Blyskawicznych"]
[Site "Szczawno-Zdroj"]
[Date "1899-12-30"]
[Round "5.5"]
[White "Cagara, Paulina"]
[Black "Lascar, Maria Elena"]
[Result "0-1"]
[WhiteTitle "m"]
[BlackTitle "I+"]
[WhiteElo "1971"]
[BlackElo "1576"]

1. e4 c5 2. Nc3 a6 3. f4 b5 4. Nf3 Bb7 5. d3 e6 6. g3 d5 7. e5 Ne7 8. Bg2 Nf5 9.
O-O Be7 10. Qe1 b4 11. Nd1 O-O 12. Ne3 Nxe3 13. Bxe3 Nc6 14. c3 a5 15. Rd1 Qc7
16. Qe2 a4 17. h4 Qa5 18. c4 Rad8 19. cxd5 exd5 20. Bc1 Bc8 21. Ng5 h6 22. Nh3
Qa6 23. f5 f6 24. e6 Ne5 25. Nf4 Qb6 26. Kh1 c4 27. d4 Nd3 28. Nxd3 cxd3 29. Rxd3
Qb5 30. Rfd1 Ba6 31. Qg4 Kh8 32. R3d2 b3 33. axb3 Qxb3 34. Bf1 Bb4 35. Bxa6 Bxd2
36. Rxd2 Qe3 37. Qe2 Qxg3 38. Qg2 Qxh4+ 39. Kg1 Qe1+ 40. Qf1 Qg3+ 41. Qg2 Qe1+
42. Kh2 Qxc1 43. Rf2 Qg5 44. Qh3 a3 45. bxa3 Ra8 46. Rg2 Qf4+ 47. Qg3 Qxg3+ 48.
Rxg3 Rxa6 49. Rb3 Rfa8 50. e7 Re8 51. Rb5 Rxa3 52. Rxd5 Kh7 53. Rd7 Re3 54. d5
R3xe7 55. Rd6 Re5 56. Re6 Rd8 57. d6 Rxf5 0-1

[Event "Druzynowe Mistrzostwa Polski Kobiet w Szachach Blyskawicznych"]
[Site "Szczawno-Zdroj"]
[Date "1899-12-30"]
[Round "5.6"]
[White "Fassa, Anna"]
[Black "Dmochowska, Agnieszka"]
[Result "0-1"]
[WhiteTitle "k+"]
[BlackTitle "WCM"]
[WhiteElo "2059"]
[BlackElo "1857"]

1. e4 c5 2. c3 e6 3. d4 d5 4. e5 Nc6 5. Nf3 Bd7 6. Bd3 cxd4 7. cxd4 Qb6 8. O-O
Nxd4 9. Nxd4 Qxd4 10. Re1 Bb4 11. Nc3 Bxc3 12. bxc3 Qxc3 13. Bg5 h6 14. Bh4 Qb4
15. Bg3 Qa4 16. Qf3 Ne7 17. Rac1 O-O 18. Bf4 Rac8 19. Qg3 Kh8 20. Bb1 Nf5 21.
Bxf5 exf5 22. Rcd1 Be6 23. Rd3 Rc4 24. Bc1 Rfc8 25. Bd2 Qxa2 26. Qf4 Rxf4 0-1

[Event "Druzynowe Mistrzostwa Polski Kobiet w Szachach Blyskawicznych"]
[Site "Szczawno-Zdroj"]
[Date "1899-12-30"]
[Round "6.1"]
[White "Majdan, Joanna"]
[Black "Kucharska, Honorata"]
[Result "1-0"]
[WhiteTitle "WGM"]
[BlackTitle "WFM"]
[WhiteElo "2294"]
[BlackElo "1961"]

1. e4 e6 2. d4 d5 3. Nd2 c5 4. exd5 exd5 5. Ngf3 Nc6 6. Bb5 Bd6 7. O-O Nge7 8.
dxc5 Bxc5 9. Nb3 Bd6 10. c3 O-O 11. h3 Qc7 12. Nbd4 Ng6 13. Bd3 a6 14. Nf5 Bxf5
15. Bxf5 Nce7 16. Bc2 Rad8 17. Qd3 Qc4 18. Qd1 Nf4 19. Nd4 Neg6 20. h4 Rfe8 21.
h5 Nf8 22. Be3 Be5 23. g3 Bxd4 24. cxd4 N4e6 25. Rc1 Qb5 26. Ba4 Qxb2 27. Bxe8
Rxe8 28. Rb1 Qxa2 29. Rxb7 Nd8 30. Ra7 Nc6 31. Rc7 Re6 32. Qf3 Rf6 33. Qg4 Qa5
34. Qc8 h6 35. Rxc6 Rf5 36. Qxf5 1-0

[Event "Druzynowe Mistrzostwa Polski Kobiet w Szachach Blyskawicznych"]
[Site "Szczawno-Zdroj"]
[Date "1899-12-30"]
[Round "6.2"]
[White "Cieslak, Wiktoria"]
[Black "Korosciel, Aneta"]
[Result "1-0"]
[WhiteTitle "k++"]
[BlackTitle "m"]
[WhiteElo "1823"]
[BlackElo "1852"]

1. e4 d6 2. d4 Nf6 3. Nc3 c6 4. f4 Qa5 5. Bd3 e5 6. dxe5 dxe5 7. f5 Nbd7 8. Nf3
Be7 9. O-O O-O 10. Kh1 b5 11. Qe2 b4 12. Nd1 Qc7 13. Ne3 Nc5 14. Nc4 Nxd3 15.
cxd3 Bd6 16. Bg5 Nd7 17. Nxd6 Qxd6 18. Rac1 f6 19. Be3 Ba6 20. Rfd1 Rfd8 21. Ne1
Nb6 22. Qc2 Rac8 23. Bc5 Qd7 24. Bxb4 Bb7 25. Bc5 Qc7 26. h3 Ba6 27. Bf2 Nd7 28.
Qc3 Kh8 29. d4 exd4 30. Rxd4 Ne5 31. Rcd1 Rxd4 32. Qxd4 h6 33. Qxa7 Qxa7 34. Bxa7
Ra8 35. Bf2 Be2 36. Rd2 Bc4 37. b3 Bb5 38. a4 Ba6 39. Nc2 Nd3 40. Nd4 c5 41. Ne6
Nxf2+ 42. Rxf2 c4 43. b4 Bc8 44. Nc5 Rb8 45. b5 g6 46. fxg6 Kg7 47. Rc2 Kxg6 48.
Rxc4 Ra8 49. Rb4 Kg5 50. b6 Ra5 51. b7 Bxb7 52. Nxb7 Re5 53. a5 Kf4 54. a6 Re8
55. a7 h5 56. Nd6 Rd8 57. Rb8 Rxd6 58. a8=Q Kg3 59. Rg8+ Kf2 60. Qa2+ Ke1 61.
Qb1+ Kf2 62. Qb2+ Ke1 63. Qb4+ 1-0

[Event "Druzynowe Mistrzostwa Polski Kobiet w Szachach Blyskawicznych"]
[Site "Szczawno-Zdroj"]
[Date "1899-12-30"]
[Round "6.3"]
[White "Pawicka, Magdalena"]
[Black "Jedrzejko, Martyna"]
[Result "1-0"]
[WhiteTitle "I"]
[BlackTitle "I"]
[WhiteElo "1521"]
[BlackElo "1320"]

1. e4 c5 2. Nf3 Nc6 3. d4 cxd4 4. Nxd4 Nf6 5. Nc3 e5 6. Ndb5 d6 7. Bg5 a6 8. Na3
b5 9. Bxf6 gxf6 10. Nd5 f5 11. g3 Bg7 12. Bg2 Be6 13. exf5 Bxf5 14. Ne3 Bd7 15.
Qxd6 Rc8 16. O-O Qe7 17. Nf5 Bxf5 18. Bxc6+ Rxc6 19. Qxc6+ Bd7 20. Qa8+ Qd8 21.
Qxa6 Qc7 22. Qa8+ Qc8 23. Qe4 Bc6 24. Qe2 Qh3 25. f3 1-0

[Event "Druzynowe Mistrzostwa Polski Kobiet w Szachach Blyskawicznych"]
[Site "Szczawno-Zdroj"]
[Date "1899-12-30"]
[Round "6.4"]
[White "Janikowska, Wiktoria"]
[Black "Smietanska, Wiktoria"]
[Result "0-1"]
[WhiteTitle "I"]
[BlackTitle "CM"]
[WhiteElo "1266"]
[BlackElo "1324"]

1. e4 c6 2. d4 d5 3. Nc3 dxe4 4. Nxe4 Bf5 5. Ng3 Bg6 6. h4 h6 7. h5 Bh7 8. Nf3
Nd7 9. Bd3 Bxd3 10. Qxd3 e6 11. Bf4 Qa5+ 12. Qd2 Qxd2+ 13. Nxd2 Ngf6 14. Nc4 Nd5
15. Bd2 N7f6 16. Ne3 Bd6 17. Nxd5 Nxd5 18. Ne4 Be7 19. c4 Nf6 20. Nxf6+ Bxf6 21.
Bc3 O-O-O 22. O-O-O Rd7 23. Rd3 Rhd8 24. Rhd1 Kc7 25. Kc2 b6 26. b4 b5 27. c5
Rd5 28. Kb3 Rxh5 29. a4 a6 30. axb5 axb5 31. Ra1 Kb7 32. Rad1 Rh2 33. Rg3 Rh4
34. Rgd3 g6 35. Rf3 Bxd4 36. Rxf7+ Kb8 37. Bxd4 Rhxd4 38. Rxd4 Rxd4 39. Rf6 Rg4
40. g3 e5 41. Re6 e4 42. Re8+ Kc7 43. Re7+ Kd8 44. Re5 Kd7 45. Kc3 g5 46. Kd4
h5 47. Rxe4 Rxe4+ 48. Kxe4 Ke6 49. f3 Kf6 50. Ke3 Ke5 51. Kf2 Kd4 52. f4 gxf4
53. gxf4 Ke4 54. Kg3 Kf5 55. Kh4 Kxf4 56. Kxh5 Ke4 57. Kg4 Kd4 58. Kf3 Kc4 59.
Ke3 Kxb4 60. Kd4 Ka3 61. Kc3 b4+ 62. Kc2 Ka2 63. Kd3 b3 64. Kc4 b2 65. Kd4 b1=Q
66. Ke5 Qd1 67. Ke6 Qd5+ 68. Ke7 Qxc5+ 69. Kf6 Qd5 70. Kg6 c5 71. Kh6 Qg2 72.
Kh7 c4 73. Kh6 c3 74. Kh5 c2 75. Kh6 c1=R 76. Kh5 Rh1# 0-1

[Event "Druzynowe Mistrzostwa Polski Kobiet w Szachach Blyskawicznych"]
[Site "Szczawno-Zdroj"]
[Date "1899-12-30"]
[Round "6.5"]
[White "Parol, Pola"]
[Black "Andrejczuk, Beata"]
[Result "1/2-1/2"]
[WhiteTitle "WFM"]
[BlackTitle "WFM"]
[WhiteElo "1723"]
[BlackElo "1905"]

1. e4 d5 2. exd5 Qxd5 3. Nc3 Qa5 4. d4 c6 5. Bd3 Nf6 6. Nf3 Bg4 7. O-O e6 8. h3
Bh5 9. Be2 Bd6 10. Re1 Nbd7 11. Nd2 Bxe2 12. Qxe2 Qc7 13. Nde4 O-O-O 14. Be3 Bf4
15. Rad1 Nd5 16. Nxd5 exd5 17. Nc5 Nxc5 18. dxc5 Be5 19. c3 Rhe8 20. Qc2 g6 21.
Bd4 f5 22. Qd2 Bf4 23. Qd3 h5 24. Be3 Be5 25. Bd4 Bh2+ 26. Kh1 Bf4 27. Be3 Bxe3
28. Rxe3 Qf4 29. Rde1 Rxe3 30. Qxe3 Qe4 31. Qd2 Qc4 32. b4 d4 33. cxd4 Rxd4 34.
Qg5 Re4 35. Rd1 Qg8 36. Rd6 Re6 37. Rd4 Qe8 38. Qd2 Re1+ 39. Kh2 Qe5+ 40. f4 Qe8
41. Rd8+ Qxd8 42. Qxe1 Qd7 43. Qc3 Qe6 44. Qh8+ Kc7 45. Qg7+ Kc8 46. Qf8+ Kc7
47. Qg7+ Kc8 48. Qf8+ Kc7 49. Qg7+ Kc8 50. Qf8+ 1/2-1/2

[Event "Druzynowe Mistrzostwa Polski Kobiet w Szachach Blyskawicznych"]
[Site "Szczawno-Zdroj"]
[Date "1899-12-30"]
[Round "6.6"]
[White "Andrzejewska, Anna"]
[Black "Rykala, Monika"]
[Result "0-1"]
[WhiteTitle "k"]
[BlackTitle "I++"]
[WhiteElo "1796"]
[BlackElo "1756"]

1. e4 c5 2. Nf3 Nf6 3. Nc3 Nc6 4. d4 d5 5. exd5 Nxd5 6. Nxd5 Qxd5 7. dxc5 Qxd1+
8. Kxd1 e5 9. Be3 Bg4 10. h3 Bxf3+ 11. gxf3 O-O-O 12. Bd3 Nd4 13. Bxd4 Rxd4 14.
Re1 f6 15. Kd2 Bxc5 16. c3 Rd6 17. Kc2 Bxf2 18. Re2 Bc5 19. b4 Bb6 20. a4 a5 21.
Bf5+ Kb8 22. Kb3 g6 23. Bc2 Rhd8 24. Rae1 Rd2 25. Rxd2 Rxd2 26. Be4 0-1

[Event "Druzynowe Mistrzostwa Polski Kobiet w Szachach Blyskawicznych"]
[Site "Szczawno-Zdroj"]
[Date "1899-12-30"]
[Round "7.1"]
[White "Owczarek, Monika"]
[Black "Majdan, Joanna"]
[Result "0-1"]
[WhiteTitle "I"]
[BlackTitle "WGM"]
[WhiteElo "1342"]
[BlackElo "2294"]

1. d4 Nf6 2. c4 g6 3. Nf3 Bg7 4. g3 O-O 5. Bg2 c5 6. dxc5 Na6 7. O-O Nxc5 8. Nbd2
d6 9. b4 Nce4 10. Rb1 Nc3 11. Qb3 Nxb1 12. Qxb1 Bf5 13. Qb3 Qc7 14. Nd4 Bd7 15.
Bb2 a5 16. b5 a4 17. Qc3 e5 18. Nc2 Rfc8 19. Nb4 Be6 20. Rc1 Nd7 21. Bd5 Nb6 22.
Bxe6 fxe6 23. Ne4 Nxc4 24. Nd2 d5 25. e4 Qd7 26. exd5 exd5 27. Rb1 d4 28. Qf3
Nxd2 29. Qd5+ Qxd5 30. Nxd5 Nxb1 0-1

[Event "Druzynowe Mistrzostwa Polski Kobiet w Szachach Blyskawicznych"]
[Site "Szczawno-Zdroj"]
[Date "1899-12-30"]
[Round "7.2"]
[White "Korosciel, Aneta"]
[Black "Plichta, Olga"]
[Result "1-0"]
[WhiteTitle "m"]
[BlackTitle "II"]
[WhiteElo "1852"]
[BlackElo "1302"]

1. e4 c6 2. d3 d5 3. Nd2 Nd7 4. Ngf3 e5 5. g3 f6 6. Bg2 dxe4 7. dxe4 Bc5 8. O-O
Ne7 9. c3 a5 10. Nc4 Qc7 11. a4 b5 12. axb5 cxb5 13. Ne3 O-O 14. Nd5 Nxd5 15.
Qxd5+ Kh8 16. Qxa8 Bb7 17. Qxa5 Qc8 18. Qxb5 Bxe4 19. b4 Bb6 20. Bd2 Bc6 21. Qe2
Qb7 22. Nh4 Bxg2 23. Nxg2 Rd8 24. Be3 Nf8 25. Bxb6 Qxb6 26. Rfd1 Rc8 27. Rac1
h6 28. b5 Ne6 29. Ne3 Rc5 30. Nd5 Qb7 31. Ne3 Rxb5 32. Rd6 Nc5 33. Rcd1 Rb3 34.
Rd8+ Kh7 35. Qc2+ e4 36. Nc4 Qb5 37. Nd6 Qb6 38. Nf7 Rb2 39. Qc1 Nd3 40. Qe3 Qxe3
41. fxe3 Rc2 42. Rc8 Nf2 43. Ra1 Ng4 44. Nd6 Nxe3 45. Nxe4 Nd5 46. c4 Ne3 47.
c5 Rg2+ 48. Kh1 Re2 49. Nc3 Rc2 50. Nb5 Nc4 51. c6 Nb6 52. Rc7 Nd5 53. Rd7 Nb6
54. Rd6 Nc8 55. Rd8 Nb6 56. c7 Rc5 57. Ra6 1-0

[Event "Druzynowe Mistrzostwa Polski Kobiet w Szachach Blyskawicznych"]
[Site "Szczawno-Zdroj"]
[Date "1899-12-30"]
[Round "7.3"]
[White "Cagara, Paulina"]
[Black "Krzyzosiak, Anna"]
[Result "0-1"]
[WhiteTitle "m"]
[BlackTitle "I++"]
[WhiteElo "1971"]
[BlackElo "1523"]

1. f4 d5 2. Nf3 Nc6 3. g3 Bf5 4. d3 e6 5. Bg2 Nf6 6. O-O Bc5+ 7. e3 O-O 8. Re1
Bg4 9. h3 Bxf3 10. Bxf3 e5 11. f5 g6 12. g4 Qd7 13. Rf1 gxf5 14. gxf5 Qxf5 15.
Bg4 Qg6 16. Nc3 h5 17. Rxf6 Qxf6 18. Bxh5 Qg5+ 19. Bg4 Bxe3+ 20. Bxe3 Qxe3+ 21.
Kh2 Qf2+ 22. Kh1 Rad8 23. Bh5 Qg3 24. Qg4+ Qxg4 25. Bxg4 f5 26. Be2 a6 27. Rg1+
Kh8 28. Na4 Nb4 29. c3 Nc6 30. Nc5 Rb8 31. Nd7 Rbd8 32. Nxf8 Rxf8 33. Rg5 Ne7
34. c4 c6 35. Bd1 e4 36. dxe4 fxe4 37. Bg4 Rf2 38. Re5 Ng6 39. Re8+ Kg7 40. Rb8
Rxb2 41. a4 Rb4 42. cxd5 cxd5 43. Be6 d4 44. Bd5 e3 45. Kg2 Nf4+ 46. Kf3 Nxd5
47. Ke4 Nf6+ 48. Kd3 Rxa4 49. Rxb7+ Kg6 50. Re7 Kf5 51. h4 Kg4 52. Re6 Kf5 53.
Rd6 Ng4 54. h5 Kg5 55. Rd5+ Kh6 56. Ke2 Nf6 57. Rd6 Kxh5 58. Rxf6 Kg5 59. Rf8
Ra3 60. Rd8 Ra4 61. Kd3 Kf4 62. Rf8+ Ke5 63. Re8+ Kd5 64. Rd8+ Kc5 65. Rc8+ Kb5
66. Rb8+ Ka5 67. Rb2 Rb4 68. Ra2+ Kb5 69. Rh2 a5 70. Rh5+ Ka4 71. Re5 Rb5 72.
Re4 Rd5 73. Kc4 Rd8 74. Re5 Rd7 75. Rf5 d3 76. Rf4 d2 77. Kc3+ Kb5 78. Rf5+ Kb6
79. Rf6+ Kb7 0-1

[Event "Druzynowe Mistrzostwa Polski Kobiet w Szachach Blyskawicznych"]
[Site "Szczawno-Zdroj"]
[Date "1899-12-30"]
[Round "7.4"]
[White "Krzyzosiak, Marta"]
[Black "Dmochowska, Agnieszka"]
[Result "1-0"]
[WhiteTitle "I+"]
[BlackTitle "WCM"]
[WhiteElo "1432"]
[BlackElo "1857"]

1. e4 c5 2. Nf3 d6 3. d4 cxd4 4. Nxd4 Nf6 5. Nc3 Nc6 6. Be3 e5 7. Nb3 Be7 8. Be2
O-O 9. O-O a5 10. a4 Nb4 11. Bf3 Be6 12. g3 d5 13. exd5 Nfxd5 14. Nxd5 Nxd5 15.
Bc5 Bf6 16. Bxf8 Kxf8 17. Nc5 Rb8 18. Nxe6+ fxe6 19. c4 Nb6 20. Qxd8+ Rxd8 21.
Bxb7 Nxc4 22. b3 Nd2 23. Rfd1 Nxb3 24. Rxd8+ Bxd8 25. Re1 Bc7 26. Rb1 Nc5 27.
Bc6 Ke7 28. Bb5 Ne4 29. Rc1 Bb6 30. Rc2 Bd4 31. Kg2 Nc3 32. Rc1 Kd6 33. Be8 Ke7
34. Bb5 Kd6 35. Be8 Ke7 36. Bb5 Kd6 37. Be8 Kc5 38. Rc2 Kd5 39. Rc1 Kc4 40. Rc2
Kb3 41. Rc1 Kb2 42. Re1 Ka3 43. Ra1+ Kb2 44. Re1 Ka3 45. Ra1+ Kb2 1-0

[Event "Druzynowe Mistrzostwa Polski Kobiet w Szachach Blyskawicznych"]
[Site "Szczawno-Zdroj"]
[Date "1899-12-30"]
[Round "7.5"]
[White "Wikar, Martyna"]
[Black "Zmarzly, Aleksandra"]
[Result "1-0"]
[WhiteTitle "I++"]
[BlackTitle "k+"]
[WhiteElo "1846"]
[BlackElo "1901"]

1. e4 c5 2. Nf3 d6 3. d3 Nf6 4. g3 e6 5. Bg2 Be7 6. O-O O-O 7. Nbd2 a6 8. Re1 Nc6
9. Nf1 Qc7 10. Qe2 e5 11. c3 b5 12. h4 Rb8 13. Ne3 Be6 14. Ng5 c4 15. Nxe6 fxe6
16. dxc4 bxc4 17. Nxc4 h5 18. Bg5 Ng4 19. Bxe7 Qxe7 20. Rf1 Rbd8 21. Ne3 Nf6 22.
Qxa6 Qc7 23. a4 Ne7 24. a5 Rb8 25. Nc4 Nc6 26. Nb6 Ng4 27. Qc4 Rbd8 28. Qxe6+
Kh8 29. Qg6 Nf6 30. Nd5 Nxa5 31. Nxc7 Kg8 1-0

[Event "Druzynowe Mistrzostwa Polski Kobiet w Szachach Blyskawicznych"]
[Site "Szczawno-Zdroj"]
[Date "1899-12-30"]
[Round "7.6"]
[White "Zdziarska-zareba, Lidia"]
[Black "Swiech, Joanna"]
[Result "0-1"]
[WhiteTitle "k+"]
[BlackTitle "k"]
[WhiteElo "1745"]
[BlackElo "1679"]

1. e4 e5 2. Nf3 Nc6 3. Bc4 Be7 4. c3 d6 5. d3 Nf6 6. O-O O-O 7. h3 Na5 8. Bb5 a6
9. Ba4 b5 10. Bc2 c5 11. Re1 Qc7 12. Nbd2 Nc6 13. Nf1 Be6 14. Ng3 Rfd8 15. Bg5
h6 16. Be3 d5 17. exd5 Nxd5 18. Ne4 Nxe3 19. Rxe3 f5 20. Ned2 Bd5 21. Qe1 Bd6
22. Bb3 Bxb3 23. Nxb3 c4 24. dxc4 bxc4 25. Nbd2 e4 26. Nh2 Bxh2+ 27. Kh1 Bf4 28.
Re2 Bxd2 29. Rxd2 Rxd2 30. Qxd2 Rd8 31. Qe2 Ne5 32. Re1 Nd3 33. Rb1 Rd6 34. Qh5
Qf7 35. Qh4 Qf6 36. Qg3 Qg6 37. Qe3 f4 38. Qe2 Re6 39. Rg1 e3 40. fxe3 fxe3 41.
Rf1 Nf2+ 42. Rxf2 exf2 43. Qxf2 Qb1+ 44. Kh2 Re1 45. Qc5 Rh1+ 46. Kg3 Qd3+ 47.
Kf2 Rf1# 0-1

[Event "Druzynowe Mistrzostwa Polski Kobiet w Szachach Blyskawicznych"]
[Site "Szczawno-Zdroj"]
[Date "1899-12-30"]
[Round "8.1"]
[White "Majdan, Joanna"]
[Black "Pawicka, Magdalena"]
[Result "1-0"]
[WhiteTitle "WGM"]
[BlackTitle "I"]
[WhiteElo "2294"]
[BlackElo "1521"]

1. e4 e5 2. Nf3 Nc6 3. Bc4 Bc5 4. c3 Nf6 5. d3 a6 6. Bb3 Ba7 7. Nbd2 d6 8. h3 h6
9. Nf1 Be6 10. Bc2 Qd7 11. Ng3 O-O 12. Nh4 d5 13. Qf3 dxe4 14. dxe4 Nh7 15. Ngf5
Bxf5 16. Nxf5 Ne7 17. O-O Nxf5 18. exf5 Nf6 19. Qxb7 Bb6 20. Qf3 Rfe8 21. Rd1
Qc8 22. Be3 e4 23. Qf4 Nh5 24. Qh4 Qxf5 25. g4 Qf3 26. gxh5 Bxe3 27. fxe3 Qxe3+
28. Qf2 Qg5+ 29. Kh1 Qxh5 30. Qg3 Re6 31. Rg1 Rg6 32. Qe3 Re6 33. Rg3 Rd8 34.
Rag1 g6 35. Bb3 Rf6 36. Qxe4 Kh7 37. Qg4 Qe5 38. h4 Rf4 39. Qh3 Qh5 40. Rg4 Rf2
41. Qg3 Rdd2 42. Qxc7 Qf5 43. Qg3 Qe4+ 44. Rxe4 Rh2+ 45. Qxh2 Rxh2+ 46. Kxh2 1-0

[Event "Druzynowe Mistrzostwa Polski Kobiet w Szachach Blyskawicznych"]
[Site "Szczawno-Zdroj"]
[Date "1899-12-30"]
[Round "8.2"]
[White "Smietanska, Wiktoria"]
[Black "Korosciel, Aneta"]
[Result "1/2-1/2"]
[WhiteTitle "CM"]
[BlackTitle "m"]
[WhiteElo "1324"]
[BlackElo "1852"]

1. c4 Nf6 2. Nc3 e6 3. g3 d5 4. cxd5 exd5 5. d4 c6 6. Bg2 Be7 7. Bg5 Nbd7 8. e3
O-O 9. Nge2 h6 10. Bxf6 Nxf6 11. a3 a5 12. Rb1 Bf5 13. Rc1 Re8 14. O-O Bd6 15.
Qd2 Qd7 16. Rfe1 Bh3 17. Nf4 Bxg2 18. Kxg2 Bxf4 19. exf4 Ne4 20. Nxe4 dxe4 21.
Rcd1 Qd5 22. Kg1 Rad8 23. Qc3 b6 24. Re2 f5 25. Red2 Re6 26. Rc1 Red6 27. Rcd1
Re8 28. Qe3 Red8 29. Qc3 Re8 30. Qe3 Red8 31. Qc3 Re8 32. Qe3 Red8 1/2-1/2

[Event "Druzynowe Mistrzostwa Polski Kobiet w Szachach Blyskawicznych"]
[Site "Szczawno-Zdroj"]
[Date "1899-12-30"]
[Round "8.3"]
[White "Parol, Pola"]
[Black "Kucharska, Honorata"]
[Result "1/2-1/2"]
[WhiteTitle "WFM"]
[BlackTitle "WFM"]
[WhiteElo "1723"]
[BlackElo "1961"]

1. e4 e6 2. d4 d5 3. Nd2 c5 4. exd5 exd5 5. Ngf3 Nc6 6. Bb5 Bd6 7. dxc5 Bxc5 8.
O-O Nge7 9. Nb3 Bd6 10. Bg5 O-O 11. h3 Qc7 12. Re1 h6 13. Be3 Bf5 14. Nbd4 Be4
15. Bd3 a6 16. c3 Ng6 17. Bxe4 dxe4 18. Nd2 Rae8 19. Qc2 f5 20. Nxc6 Qxc6 21.
Qb3+ Kh8 22. Qc4 Ne5 23. Qxc6 bxc6 24. Red1 Nd3 25. b4 Be5 26. Bd4 Bxd4 27. cxd4
Nxb4 28. Rdc1 Re6 29. Nb3 f4 30. Nc5 Re7 31. a3 Nd5 32. Nxa6 e3 33. f3 Rfe8 34.
Rxc6 e2 35. Re1 Re3 36. Nb4 Nf6 37. a4 Rb3 38. Rb6 Nh5 39. a5 Ng3 40. a6 Ra3 41.
d5 Rd8 42. Kf2 Kh7 43. Rb7 Ra4 44. a7 Ra8 45. Nc6 Ra6 46. Rb8 R8xa7 47. Nxa7 Rxa7
48. d6 Rd7 49. Rb6 Kg6 50. Rc1 Kf6 51. Rc4 g5 52. Rc7 Ke6 53. Rxd7 Kxd7 54. Ke1
Ke6 55. Ra6 Kd7 56. Rb6 Ke6 57. d7+ Kxd7 58. Rxh6 Nf5 59. Rh7+ Ke6 60. Kxe2 Kf6
61. Kf2 Nh4 62. Ra7 Nf5 63. Ra6+ Kg7 64. Ra5 Kg6 65. Ra6+ Kg7 66. Ra5 Kg6 67.
Ke2 Nh4 68. Kf2 Nf5 69. Rxf5 Kxf5 70. g3 Kf6 71. g4 Ke5 72. Kg2 Kf6 73. Kf2 Ke5
74. Ke2 Kd4 75. Kd2 Ke5 76. Kd3 Kd5 77. Kd2 Kd4 78. Ke2 Ke5 79. Kf2 Kd4 80. Ke2
Ke5 81. Kd3 Kd5 82. Kc3 Kc5 83. Kd3 Kd5 84. Ke2 Kd4 85. Kd2 Ke5 86. Kc3 Kd5 87.
Kd3 Ke5 88. Kc4 Ke6 89. Kd4 Kd6 90. Ke4 Ke6 91. h4 gxh4 92. Kxf4 Kf6 93. g5+ Kg6
94. Kg4 h3 95. Kxh3 Kxg5 96. Kg3 Kf5 97. f4 Kf6 98. Kg4 Kg6 99. f5+ Kf6 100. Kf4
Kf7 101. Ke5 Ke7 102. f6+ Kf7 103. Kf5 Kf8 104. Ke6 Ke8 105. f7+ Kf8 106. Kf6
1/2-1/2

[Event "Druzynowe Mistrzostwa Polski Kobiet w Szachach Blyskawicznych"]
[Site "Szczawno-Zdroj"]
[Date "1899-12-30"]
[Round "8.4"]
[White "Cieslak, Wiktoria"]
[Black "Rykala, Monika"]
[Result "1/2-1/2"]
[WhiteTitle "k++"]
[BlackTitle "I++"]
[WhiteElo "1823"]
[BlackElo "1756"]

1. e4 c5 2. Nf3 Nf6 3. Nc3 Nc6 4. d4 d5 5. exd5 Nxd5 6. Nxd5 Qxd5 7. c4 Qe4+ 8.
Be3 cxd4 9. Nxd4 Nxd4 10. Qxd4 Qxd4 11. Bxd4 Bf5 12. Be2 O-O-O 13. Bxa7 e5 14.
a3 Kc7 15. Be3 Be7 16. O-O Bd3 17. Bxd3 Rxd3 18. Rac1 Rhd8 19. h3 Kc6 20. Rfe1
f6 21. Kf1 Bc5 22. Bxc5 Kxc5 23. Rc2 R3d4 24. Rec1 Rd3 25. Ke2 b6 26. b4+ Kc6
27. Rc3 Rd2+ 28. Ke3 f5 29. R1c2 Rd1 30. g3 g6 31. Kf3 Rh1 32. h4 Rhd1 33. Re2
e4+ 34. Kf4 R1d3 35. Rec2 Rd2 36. f3 Rxc2 37. Rxc2 exf3 38. Kxf3 Rd3+ 39. Kf4
Rxa3 40. Kg5 Rxg3+ 41. Kh6 Rg4 42. Kxh7 Rxh4+ 43. Kxg6 b5 44. cxb5+ Kxb5 45. Kxf5
Rxb4 46. Ke4 1/2-1/2

[Event "Druzynowe Mistrzostwa Polski Kobiet w Szachach Blyskawicznych"]
[Site "Szczawno-Zdroj"]
[Date "1899-12-30"]
[Round "8.5"]
[White "Lascar, Maria Elena"]
[Black "Jedrzejko, Martyna"]
[Result "0-1"]
[WhiteTitle "I+"]
[BlackTitle "I"]
[WhiteElo "1576"]
[BlackElo "1320"]

1. e4 c5 2. Nf3 Nc6 3. d4 cxd4 4. Nxd4 Nf6 5. Nc3 e5 6. Nde2 d6 7. g3 a6 8. Bg2
b5 9. O-O Be7 10. Nd5 Be6 11. Nxe7 Qxe7 12. h3 O-O 13. Be3 Rfd8 14. f4 exf4 15.
gxf4 Bc4 16. e5 dxe5 17. Qe1 exf4 18. Bxc6 Qxe3+ 19. Kh1 Bxe2 20. Bxa8 Qxh3+ 21.
Kg1 Bxf1 22. Bb7 Bc4 23. b3 Bd5 24. Bxd5 Rxd5 25. Rd1 Rg5+ 26. Kf2 Rg2+ 27. Kf1
Qh1# 0-1

[Event "Druzynowe Mistrzostwa Polski Kobiet w Szachach Blyskawicznych"]
[Site "Szczawno-Zdroj"]
[Date "1899-12-30"]
[Round "8.6"]
[White "Janikowska, Wiktoria"]
[Black "Fassa, Anna"]
[Result "1-0"]
[WhiteTitle "I"]
[BlackTitle "k+"]
[WhiteElo "1266"]
[BlackElo "2059"]

1. e4 c5 2. Nf3 Nc6 3. d4 cxd4 4. Nxd4 Nf6 5. Nc3 e5 6. Ndb5 d6 7. Bg5 a6 8. Na3
Be6 9. Nc4 Rc8 10. Nd5 Bxd5 11. exd5 Ne7 12. Bxf6 gxf6 13. Qd2 h5 14. Qe3 Nxd5
15. Qe4 Rc5 16. Rd1 b5 17. Rxd5 bxc4 18. Rxc5 dxc5 19. Qc6+ Qd7 20. Qxd7+ Kxd7
21. Bxc4 Ke7 22. Bxa6 Bh6 23. Bc4 Rb8 24. b3 Rd8 25. O-O Rd2 26. Bd3 Ke6 27. Rb1
f5 28. Ra1 e4 29. Bc4+ Kf6 30. c3 Rc2 31. a4 Rxc3 32. a5 Bf8 33. a6 Bd6 34. a7
e3 35. fxe3 Rxe3 36. a8=Q Be5 37. Ra6+ Kg5 38. Qg8+ Kf4 39. g3+ Kf3 40. Bd5+ Ke2
41. Ra2+ Kd3 42. Bc4+ Kd4 43. Qd8+ Ke4 44. Qd5# 1-0

[Event "Druzynowe Mistrzostwa Polski Kobiet w Szachach Blyskawicznych"]
[Site "Szczawno-Zdroj"]
[Date "1899-12-30"]
[Round "9.1"]
[White "Cagara, Paulina"]
[Black "Majdan, Joanna"]
[Result "0-1"]
[WhiteTitle "m"]
[BlackTitle "WGM"]
[WhiteElo "1971"]
[BlackElo "2294"]

1. e4 c5 2. Nc3 Nc6 3. Bb5 Nd4 4. Bc4 e6 5. Nf3 Ne7 6. Nxd4 cxd4 7. Nb5 Nc6 8.
c3 dxc3 9. bxc3 a6 10. Nd4 Nxd4 11. cxd4 d5 12. exd5 exd5 13. Bd3 Be7 14. O-O
O-O 15. Qb3 Bf6 16. Bb2 Be6 17. Rac1 Qd7 18. Be2 Bg5 19. f4 Bf6 20. Bf3 g6 21.
h3 Rfd8 22. g4 Bg7 23. Kh1 Qd6 24. Be2 b5 25. Rc5 h5 26. f5 Bc8 27. fxg6 fxg6
28. Qf3 hxg4 29. Qf7+ Kh8 30. hxg4 Rf8 31. Qc7 Rxf1+ 32. Bxf1 Qxc7 33. Rxc7 Bxg4
34. Bg2 Re8 35. Bxd5 Re1+ 36. Kg2 Re2+ 37. Kg3 Bf5 38. Ba3 Rxd2 39. Bc5 Bxd4 40.
Bd6 Bf2+ 41. Kf3 Rxd5 42. Kxf2 Rxd6 0-1

[Event "Druzynowe Mistrzostwa Polski Kobiet w Szachach Blyskawicznych"]
[Site "Szczawno-Zdroj"]
[Date "1899-12-30"]
[Round "9.2"]
[White "Korosciel, Aneta"]
[Black "Dmochowska, Agnieszka"]
[Result "1/2-1/2"]
[WhiteTitle "m"]
[BlackTitle "WCM"]
[WhiteElo "1852"]
[BlackElo "1857"]

1. e4 c5 2. Nf3 d6 3. Bb5+ Bd7 4. Bxd7+ Nxd7 5. O-O Ngf6 6. Re1 g6 7. c3 Bg7 8.
d3 O-O 9. Nbd2 Qc7 10. Qc2 b5 11. Nf1 Rfc8 12. Ne3 a5 13. a3 Qb7 14. Bd2 Nb6 15.
h3 c4 16. dxc4 Nxc4 17. Ng4 Nxg4 18. hxg4 b4 19. axb4 axb4 20. Rxa8 Qxa8 21. Rc1
Nxd2 22. Qxd2 bxc3 23. bxc3 Qa3 24. c4 Qa4 25. Qd3 Rc5 26. g5 Qb4 27. Qe2 Qa3
28. Qd2 Qb3 29. Qe2 Qa3 30. Qd2 Qb3 31. Qe2 Qa3 32. Qd2 Qb3 33. Qe2 Qa3 34. Qd2
1/2-1/2